<A> european economic recovery plan lisbon strategy for growth and jobs

Salvato in:
Dettagli Bibliografici
Ente Autore: Commission of the European Communities
Natura: Libro
Lingua:inglese
Pubblicazione: Luxembourg Office for Official Publications of the European Communities 2009
Soggetti:
Tags: Aggiungi Tag
Nessun Tag, puoi essere il primo ad aggiungerne!!

MARC

LEADER 00000nam a2200000 4500
001 0128680
005 20240318114318.9
020 |a 978-92-79-10476-3 
041 0 |a eng 
044 |a LU 
245 1 0 |a <A> european economic recovery plan  |b lisbon strategy for growth and jobs 
264 1 |a Luxembourg  |b Office for Official Publications of the European Communities  |c 2009 
300 |a 27 s. 
610 2 0 |a situácia hospodárska 
610 2 0 |a politika hospodárska 
610 2 0 |a rast hospodársky 
610 2 0 |a politika menová 
610 2 0 |a politika rozpočtová 
610 2 0 |a zamestnanosť 
610 2 0 |a politika zamestnanosti 
610 2 0 |a financovanie 
610 2 0 |a podnikanie 
610 2 0 |a infraštruktúra 
610 2 0 |a politika energetická 
610 2 0 |a inovácia 
610 2 0 |a politika vzdelávania 
610 2 0 |a technológie nové 
610 2 0 |a internet 
610 2 0 |a ochrana prostredia životného 
610 2 0 |a Európska únia 
710 2 |a Commission of the European Communities